000
00255nam a22000857a 4500
008
160820b xxu||||| |||| 00| 0 eng d
100
_9
188
_a
Maanu Graphics
245
_a
Sardar Patel, Veer Sarakar, Subhash Chandra Bose
260
_a
New Delhi
_b
Maanu Graphics
_c
2012
999
_c
2846
_d
2846